Geografia polityczna A-Z - Statystyki

Ogólne statystyki
  • Ten quiz został rozwiązany 236 razy
    228 od ostatniego zresetowania
  • Średni wynik to 15 z 24
Statystyki odpowiedzi
Litera: Pytanie: Odpowiedź: % Poprawnych
Ł Jak nazywa się jedyne państwo na literę Ł (łatwe)? Łotwa
91%
K Jak nazywa się najmłodsze państwo Europy? Kosowo
88%
L Jedyne państwa azjatyckie zaczynające się na literę L (są dwa)? Liban/Laos
86%
G Jak nazywa się państwo w Ameryce Płd. na literę G? Gujana
85%
I Jak nazywa się państwo które sąsiaduje z Malezją, Papua Nową Gwineą oraz z Timorem Wschodnim? Indonezja
80%
J Jak nazywa się miasto potocznie określane miastem trzech religii? Jerozolima
78%
W Jak nazywa się jedyne państwo w 100% katolickie? Watykan
76%
A Jak nazywa się stolica Madagaskaru? Antananarywa
74%
E Jak się nazywa obecny prezydent Francji? Emmanuel Macron
70%
F Jak nazywa się sławny komunistyczny przywódca Kuby? Fidel Castro
70%
O Jak nazywa się trzecie największe miasto Japonii? Osaka
66%
H Jak nazywa się miasto na które spadła bomba jądrowa w 1945 r.? Hiroshima
63%
C Jak nazywa się dawna nazwa państwa Sri Lanka? Cejlon
61%
B Jak nazywa się obecne państwo ze sułtanem jako przywódcą (B)? Brunei
58%
D Jak nazywa się sławne chorwackie miasto w części "przerwanej" Bośnią i Hercegowiną? Dubrownik
58%
S Jak nazywa się dawna nazwa królestwa Eswatini? Suazi
55%
Z Jak nazywa się dawna nazwa D.R. Konga? Zair
53%
R Jaki jest najmniejszy stan USA? Rhode Island
52%
T Jaki kraj azjatycki dalej uważa że nie ma ani jednego zarażenia COVID-19? Turkmenistan
52%
M Jak nazywa się stolica Somalii? Mogadiszu
51%
U Jaka jest nazwa ZEA w języku angielskim? United Arab Emirates
31%
Y Jak się nazywa najmniejsza stolica świata (nie licząc Watykanu)? Yaren
28%
P Jak się nazywa sporny stan Indyjski o który Pakistan rości sobie prawa? Pendżab
17%
N Jak nazywa się kanadyjska prowincja stworzona tylko dla Eskimosów? Nunavut
13%
Nie znaleziono quizów pasujących do podanych kryteriów
Rozkład punktacji
Procent ludzi z każdym wynikiem
Percentyl według liczby udzielonych odpowiedzi
Twoja historia wyników
Nie rozwiązałeś tego quizu od ostatniego zresetowania